| 000 | 00922 a2200217 4500 | ||
|---|---|---|---|
| 005 | 20260327130256.0 | ||
| 008 | 260327b |||||||| |||| 00| 0 eng d | ||
| 020 | _a9789387145214 (hbk) | ||
| 037 | _cTB | ||
| 040 |
_aCRL _cCRL |
||
| 041 |
_2hin _ahin |
||
| 084 |
_aO152,3(G:55)x R6 _qCRL |
||
| 100 |
_aहरनोट, एस. आर. _9862035 |
||
| 245 |
_aनदी गायब है: _bपर्यावरर्णीय चेतना की कहानियाँ |
||
| 260 |
_aदिल्ली, भारत: _bअनन्य प्रकाशन, _c2026. |
||
| 300 | _a159पृ. | ||
| 650 | _aहिन्दी कहानी | ||
| 650 | _aहिन्दी साहित्य | ||
| 942 |
_cTB _2CC _hO152,3(G:55)x R6 |
||
| 999 |
_c1466964 _d1466964 |
||